<?xml version="1.0" encoding="UTF-8"?>
<record
    xmlns:xsi="http://www.w3.org/2001/XMLSchema-instance"
    xsi:schemaLocation="http://www.loc.gov/MARC21/slim http://www.loc.gov/standards/marcxml/schema/MARC21slim.xsd"
    xmlns="http://www.loc.gov/MARC21/slim">

  <leader>01035nam a2200229 a 4500</leader>
  <controlfield tag="001">000046318</controlfield>
  <controlfield tag="005">20201002052803.0</controlfield>
  <controlfield tag="008">100908s2005    dr d          000 0 spa d</controlfield>
  <datafield tag="040" ind1=" " ind2=" ">
    <subfield code="a">DO-SdBNP</subfield>
    <subfield code="b">spa</subfield>
    <subfield code="c">BNPHU</subfield>
  </datafield>
  <datafield tag="082" ind1=" " ind2=" ">
    <subfield code="a">510</subfield>
    <subfield code="b">xxxxx</subfield>
  </datafield>
  <datafield tag="100" ind1="1" ind2=" ">
    <subfield code="a">Ventura Mu&#xF1;oz, Eduardo</subfield>
    <subfield code="9">29603</subfield>
  </datafield>
  <datafield tag="245" ind1="1" ind2="0">
    <subfield code="a">Matem&#xE1;ticas financieras II /</subfield>
    <subfield code="c">Eduardo Ventura Mu&#xF1;oz, Mayra Mart&#xED;nez Triana.</subfield>
  </datafield>
  <datafield tag="260" ind1=" " ind2=" ">
    <subfield code="a">Santo Domingo :</subfield>
    <subfield code="b">UCSD,</subfield>
    <subfield code="c">2005.</subfield>
  </datafield>
  <datafield tag="300" ind1=" " ind2=" ">
    <subfield code="a">136 p. : ;</subfield>
    <subfield code="c">28 cm.</subfield>
  </datafield>
  <datafield tag="490" ind1="1" ind2=" ">
    <subfield code="a">Alandar</subfield>
  </datafield>
  <datafield tag="505" ind1="0" ind2=" ">
    <subfield code="g">unidad 1 --</subfield>
    <subfield code="t">Monto compuesto --</subfield>
    <subfield code="g">unidad 2 --</subfield>
    <subfield code="t">Anualidades --</subfield>
    <subfield code="g">unidad 3 --</subfield>
    <subfield code="t">Amortizaci&#xF3;n y fondo de amortizaci&#xF3;n --</subfield>
    <subfield code="g">unidad 4 --</subfield>
    <subfield code="t">Anualidades anticipadas --</subfield>
    <subfield code="g">unidad 5 --</subfield>
    <subfield code="t">Anualidades diferidas --</subfield>
    <subfield code="g">unidad 6 --</subfield>
    <subfield code="t">Anualidades generales --</subfield>
    <subfield code="g">unidad 7 --</subfield>
    <subfield code="t">Los bonos --</subfield>
    <subfield code="t">Tablas I --</subfield>
    <subfield code="t">Tablas II --</subfield>
  </datafield>
  <datafield tag="650" ind1=" " ind2="4">
    <subfield code="a">Matem&#xE1;ticas financieras</subfield>
    <subfield code="9">7099</subfield>
  </datafield>
  <datafield tag="650" ind1=" " ind2="4">
    <subfield code="a">Matem&#xE1;ticas financieras</subfield>
    <subfield code="x">Problemas, ejercicios, etc.</subfield>
    <subfield code="9">7100</subfield>
  </datafield>
  <datafield tag="700" ind1="1" ind2=" ">
    <subfield code="a">Mart&#xED;nez Triana, Mayra</subfield>
    <subfield code="9">74341</subfield>
  </datafield>
  <datafield tag="710" ind1="1" ind2=" ">
    <subfield code="a">Universidad Cat&#xF3;lica Santo Domingo</subfield>
    <subfield code="9">1478</subfield>
  </datafield>
  <datafield tag="830" ind1=" " ind2="0">
    <subfield code="a">Alandar</subfield>
    <subfield code="9">74340</subfield>
  </datafield>
  <datafield tag="952" ind1=" " ind2=" ">
    <subfield code="0">0</subfield>
    <subfield code="1">0</subfield>
    <subfield code="7">1</subfield>
    <subfield code="8">PD</subfield>
    <subfield code="a">GR</subfield>
    <subfield code="b">GR</subfield>
    <subfield code="c">HD</subfield>
    <subfield code="d">2015-07-23</subfield>
    <subfield code="i">LF1</subfield>
    <subfield code="l">0</subfield>
    <subfield code="o">510 xxxxx</subfield>
    <subfield code="p">46318-10</subfield>
    <subfield code="r">2020-06-25</subfield>
    <subfield code="w">2020-06-25</subfield>
    <subfield code="y">LFPD</subfield>
    <subfield code="Z">No se presta</subfield>
  </datafield>
  <datafield tag="999" ind1=" " ind2=" ">
    <subfield code="c">45807</subfield>
    <subfield code="d">45807</subfield>
  </datafield>
</record>
